| 000 | 01915nam a2200337 i 4500 | ||
|---|---|---|---|
| 001 | 768714001 | ||
| 003 | CO-MdFUSB | ||
| 005 | 20230309080613.0 | ||
| 007 | ta | ||
| 008 | 230223t1998 -ck |||| |||| 00| 0 spa d | ||
| 020 | _a9583004448 | ||
| 040 |
_aCO-MdFUSB _bspa _cCO-MdFUSB _dCO-MdFUSBC _erda |
||
| 041 | _aspa | ||
| 082 |
_223 _a863 _bC419in |
||
| 100 |
_aCervantes y Saavedra, Miguel de, _eautor |
||
| 240 | _a El ingenioso hidalgo Don Quijote de la Mancha | ||
| 245 |
_a El ingenioso hidalgo Don Quijote de la Mancha _c/ Miguel de Cervantes Saavedra ; Introducción Jaime García Maffla |
||
| 264 | 1 |
_aBogotá, Colombia : _bPanamericana, _c[1998] |
|
| 264 | 4 | _c© 1998 | |
| 300 |
_a872 páginas _c; 23 cm |
||
| 336 |
_2rdacontent _atexto _btxt |
||
| 337 |
_2rdamedia _asin mediación _bn |
||
| 338 |
_2rdacarrier _avolumen _bnc |
||
| 520 | _aEl ingenioso hidalgo don quijote de la mancha. Por Miguel De Cervantes Saavedra. Edición ilustrada escolar. Una edición para iniciarse el la obra cumbre de la lengua española. Recomendado del librero. El ingenioso hidalgo don Quijote de la Mancha de Miguel de Cervantes Saavedra, es la obra mas famosa y leída de la historia de la literatura de todos los tiempos. La primera parte del libro fue publicada en Madrid en 1605 y, la segunda parte, diez años después, en 1615, un año antes de la muerte del autor. La novela tuvo una gran acogida en su época, y ha sido traducida a todos los idiomas del mundo, El Quijote de la Mancha es materia obligatoria en el área la literatura, tanto en colegios como en universidades y para investigadores de la lengua española, convirtiéndose en una obra imprescindible en todas las bibliotecas. | ||
| 563 | _aRustica | ||
| 630 | 0 | _aClásicos de la Literatura Universal. | |
| 653 | _aCiencia ficcion. | ||
| 700 |
_94196 _aGarcía Maffla, Jaime _d1944 _eIntroducción |
||
| 942 | _cBK | ||
| 945 | _aMag1104 | ||
| 999 |
_c68443 _d68443 |
||